Dove si trovano queste città antiche? - Statistics

Statistiche generali
  • Questo quiz è stato fatto 95 volte
    92 dall'ultimo reset
  • Il punteggio medio è 15 su 25
Statistiche sulle risposte
Città Nazione odierna % Corretto
Pompei Italia
100%
Troia Turchia
92%
Micene Grecia
90%
Sparta Grecia
90%
Ercolano Italia
88%
Chang'an Cina
83%
Cuzco Perù
83%
Cartagine Tunisia
82%
Petra Giordania
81%
Tenochtitlan Messico
71%
Gerico Israele
65%
Antiochia Turchia
59%
Carcassonne Francia
58%
Persepolis Iran
57%
Edo Giappone
48%
Angkor Cambogia
46%
Treviri Germania
45%
Menfi Egitto
42%
Tiberiade Israele
42%
Ninive Iraq
39%
Timbuctù Mali
37%
Tiro Libano
36%
Ctesifonte Iraq
14%
Utica Tunisia
14%
Sirmio Serbia
10%
Nessun quiz corrispondente trovato
Distribuzione punteggi
Percentuale di utenti per punteggio
Percentile per numero di risposta
I tuoi punteggi nel tempo
Non hai fatto questo quiz dall'ultimo reset